| 000 | 00959nam a2200253Ia 4500 | ||
|---|---|---|---|
| 003 | OSt | ||
| 005 | 20221005112503.0 | ||
| 006 | a|||||r|||| 00| 0 | ||
| 007 | ta | ||
| 008 | 221004b |||||||| |||| 00| 0 pan d | ||
| 020 |
_a9789350177327 (hbk) _c200 |
||
| 024 | _a3785 | ||
| 037 |
_b746, 12/03/2013, Bright Book Service _cTextual |
||
| 040 |
_aCRL _cCRL _bpan |
||
| 041 |
_2pan _apan |
||
| 082 | _aP153v, Q1 | ||
| 100 | _aਸਿੱਧੂ, ਗੁਰਚਰਨ ਸਿੰਘ | ||
| 245 | 0 |
_aਪੰਜਾਬ ਦਾ ਵਿਰਸਾ _b ਪੰਜਾਬ ਅਤੇ ਪੰਜਾਬੀ ਭਾFਾ ਦਾ ਇਤਿਹਾਸ |
|
| 260 |
_aਚੰਡੀਗੜ _bਲੋਕਗੀਤ ਪ੍ਰਕਾFਨ ਭਾਰਤ _c2011 |
||
| 300 |
_a174ਪੰ _ccm. |
||
| 650 | _aਪੰਜਾਬੀ ਭਾFਾ | ||
| 942 |
_hP153v, Q1 _cTEXL _2cc |
||
| 999 |
_c1025022 _d1025022 |
||